Historia del libertinaje desde la antigüedad más remota hasta nuestros días (Record no. 161717)

MARC details
000 -LEADER
campo de control de longitud fija 00786nam a22001935i 4500
001 - NÚMERO DE CONTROL
campo de control 161717
003 - IDENTIFICADOR DE NÚMERO DE CONTROL
campo de control ES-MaACL
005 - FECHA Y HORA DE LA ÚLTIMA TRANSACCIÓN
campo de control 20230906212339.0
008 - DATOS DE LONGITUD FIJA--INFORMACIÓN GENERAL
campo de control de longitud fija 041025s1875 sp |||| | spa d
040 ## - FUENTE DE CATALOGACIÓN
Centro catalogador/agencia de origen CAM
Lengua de catalogación spa
Centro/agencia transcriptor CAM
080 ## - NÚMERO DE LA CLASIFICACIÓN DECIMAL UNIVERSAL
Número de la Clasificación Decimal Universal 392.4/.6
100 1# - ENTRADA PRINCIPAL--NOMBRE DE PERSONA
Nombre de persona Peratoner, Amancio.
9 (RLIN) 90399
245 10 - MENCIÓN DEL TÍTULO
Título Historia del libertinaje desde la antigüedad más remota hasta nuestros días
Resto del título : estractada de los principales analistas de las costumbres de la humanidad /
Mención de responsabilidad, etc. por Amancio Peratoner.
260 ## - PUBLICACIÓN, DISTRIBUCIÓN, ETC.
Lugar de publicación, distribución, etc. Barcelona :
Nombre del editor, distribuidor, etc. Establecimiento tipográfico-editorial de José Miret,
Fecha de publicación, distribución, etc. 1875.
300 ## - DESCRIPCIÓN FÍSICA
Extensión 1 v. (199 p. ; 214 p.) ;
Dimensiones 22 cm.
597 ## - NOTA DE DESCRIPCIÓN FÍSICA
NOTA DE DESCRIPCIÓN FÍSICA 2 tomos en 1 v.
650 04 - PUNTO DE ACCESO ADICIONAL DE MATERIA--TÉRMINO DE MATERIA
Término de materia o nombre geográfico como elemento de entrada Costumbres sexuales-
Subdivisión de forma Historia.
9 (RLIN) 11400
852 ## - LOCALIZACIÓN
Ubicación ES-MaACL
Número de control de estantería G-5905
Nota libre . - Enc. hol.
-- . - Legado M. de la Fuente
Holdings
Estatus retirado Estado de pérdida Estado de daño No para préstamo Colección Biblioteca de origen Biblioteca actual Ubicación en estantería Fecha de adquisición Fuente de adquisición Total de préstamos Signatura topográfica completa Código de barras Visto por última vez Precio de reemplazo Tipo de ítem Koha
        Libros del s. XIX Biblioteca del Ateneo de Madrid Biblioteca del Ateneo de Madrid Depósito 2 17/01/2008     G-5905 1169400 23/02/2023 23/02/2023 Libro impreso antiguo